Ensayos pedagógicos
שמור ב:
| מחבר ראשי: | |
|---|---|
| פורמט: | ספר |
| שפה: | ספרדית |
| יצא לאור: |
Madrid
Ediciones de la Lectura
1950
|
| מהדורה: | 1a. ed |
| סדרה: | Ciencia y Educación. Clásicos
|
| נושאים: | |
| תגים: |
הוספת תג
אין תגיות, היה/י הראשונ/ה לתייג את הרשומה!
|
MARC
| LEADER | 00000cam a2200000 a 4500 | ||
|---|---|---|---|
| 001 | UCD2562 | ||
| 003 | CL-VaPUC | ||
| 008 | 160428e19500000sp |||||||||||||||||spa|d | ||
| 082 | 0 | 4 | |a 370.1 |b MON |2 21 |
| 100 | |a Montaigne, Michel de |e autor |9 346836 | ||
| 245 | 1 | 0 | |a Ensayos pedagógicos |
| 250 | |a 1a. ed | ||
| 300 | |a 218 p | ||
| 942 | |c BK | ||
| 945 | |d 20160428 21:50:00 |a arojas | ||
| 260 | |a Madrid |b Ediciones de la Lectura |c 1950 | ||
| 650 | 0 | |a Ensayos franceses |9 265511 | |
| 650 | 0 | |a Pedagogía |9 255351 | |
| 650 | 0 | |a Filosofía de la educación |9 258384 | |
| 650 | 0 | |a Sociología de la educación |9 260380 | |
| 583 | |a last modification |c 20160428 21:50:00 |k Rodrigo Vera | ||
| 490 | 0 | |a Ciencia y Educación. Clásicos | |
| 999 | |c 363716 |d 363714 | ||
| 952 | |0 0 |1 0 |3 erb |4 0 |6 370_100000000000000_MON_1950 |7 0 |8 A |9 476374 |a BIBEDU |b BIBEDU |e Villagrán Garnham, Jorge |i 5300754 |o 370.1 MON 1950 |p 5300754 |r 2019-11-24 |w 2019-11-24 |y BK |z Catalogado en:20160428 |k EPE | ||